特殊傳說 . 新版

資料類型: Book 圖書   書目號:46021

Leader xxxxxxxxxx
001 __ PCLIS00046021
005 __ 20210512092331.0
010 0_ |a978-986-6157-93-6|b第1冊 : 平裝|dNT$129
010 0_ |a978-986-6157-94-3|b第2冊 : 平裝|dNT$250
010 0_ |a978-986-6157-95-0|b第3冊 : 平裝|dNT$250
010 0_ |a978-986-319-008-0|b第4冊 : 平裝|dNT$250
010 0_ |a978-986-319-009-7|b第5冊 : 平裝|dNT$250
010 0_ |a978-986-319-010-3|b第6冊 : 平裝|dNT$250
010 0_ |a978-986-319-043-1|b第7冊 : 平裝|dNT$250
010 0_ |a978-986-319-054-7|b第8冊 : 平裝|dNT$250
010 0_ |a978-986-319-059-2|b第9冊 : 平裝|dNT$250
010 0_ |a978-986-319-074-5|b第10冊 : 平裝|dNT$250
100 __ |a20130414d20122013m  y0chiy09      e
101 0_ |achi
102 __ |atw
105 __ |aaf  z   000ay
200 1_ |a特殊傳說|i新版|dThe unique legend|zeng|f護玄著|g紅麟插畫
205 __ |a初版
210 __ |a臺北市|c蓋亞文化出版|a新北市新店區|c聯合總經銷|d2012-2013[民101-102]
215 0_ |a10冊|c圖, 圖版|d20公分
225 2_ |a悅讀館|vRE271-RE280
327 _1 |v1,|a1, 不存在的學園|v2,|a2, 大競技會的起始|v3,|a3, 闇之競賽|v4,|a4, 湖之鎮的對決|v5,|a5, 水之妖精|v6,|a6, 塵封的祕密|v7,|a7, 不為人知的故事|v8,|a8, 開始一切的序幕|v9,|a9, 消逝的重要之物|v10,|a10, 那之後......<學院篇>完
510 _1 |aThe unique legend|zeng
517 1_ |a學院篇完|zchi
517 1_ |a不存在的學園|zchi
517 1_ |a大競技會的起始|zchi
517 1_ |a闇之競賽|zchi
517 1_ |a湖之鎮的對決|zchi
517 1_ |a水之妖精|zchi
517 1_ |a塵封的祕密|zchi
517 1_ |a不為人知的故事|zchi
517 1_ |a開始一切的序幕|zchi
517 1_ |a消逝的重要之物
517 1_ |a那之後|zchi
606 __ |2cst|a長篇小說
681 __ |a857.7|b8620
681 __ |a857.7|b862
700 _0 |a護玄|4702 _0 |a紅麟|4插畫
801 _0 |atw|b內湖高中|c20130414|gCCR
  
  
  
  
詳細館藏 1-10 筆 (共 10 筆)
索 書 號登 錄 號冊次號館別 / 館藏地流通類型狀態加入預約清單電子資源
857.7 / 8620 1020939 v.1 圖書館 / 一樓輕小說專區 可外借30天 在館   
857.7 / 8620 1020940 v.2 圖書館 / 一樓輕小說專區 可外借30天 在館   
857.7 / 8620 1020941 v.3 圖書館 / 一樓輕小說專區 可外借30天 在館   
857.7 / 8620 1020942 v.4 圖書館 / 一樓輕小說專區 可外借30天 在館   
857.7 / 8620 1020943 v.5 圖書館 / 一樓輕小說專區 可外借30天 在館   
857.7 / 8620 1020944 v.6 圖書館 / 一樓輕小說專區 可外借30天 在館   
857.7 / 8620 1021366 v.7 圖書館 / 一樓輕小說專區 可外借30天 在館   
857.7 / 8620 1021367 v.8 圖書館 / 一樓輕小說專區 可外借30天 在館   
857.7 / 8620 1021368 v.9 圖書館 / 一樓輕小說專區 可外借30天 在館   
857.7 / 862 1026430 v.10 圖書館 / 一樓輕小說專區 可外借30天 在館   

| 條列資料




目錄查詢 分類查詢 個人資料 圖書薦購 新書查詢 閉館日 排行榜 更多電子資源 Hami書城 線上資料庫 登出

From : 216.73.217.52

  本日流通累計至 07:01:39 借閱 : 0 次 續借 : 0 次 歸還 : 0 次 預約 : 0 次 電子資源 : 0 次


內湖高中圖書館  PCLIS 版本  26.5.0.12